| 000 | 01177nam a2200349 a 4500 | ||
|---|---|---|---|
| 008 | |||
| 020 | _a9780124116382 (hardback) | ||
| 040 |
_aNUST _cNUST |
||
| 049 | _aMAIN | ||
| 090 |
_aRC270.3.D53 _bEME |
||
| 245 | 1 | 0 |
_aEmerging applications of molecular imaging to oncology/ _cedited by Martin G Pomper & Paul B Fisher. |
| 260 |
_aLondon : _bAcademic Press, _c2014. |
||
| 300 |
_axii, 400 pages : _billustrations (some colour) ; _c24 cm. |
||
| 336 |
_atext _btxt _2rdacontent |
||
| 337 |
_aunmediated _bn _2rdamedia |
||
| 338 |
_avolume _bnc _2rdacarrier |
||
| 500 | _aIncludes index. | ||
| 504 | _aIncludes bibliographcal references. | ||
| 650 | 1 |
_aCancer _xImaging. |
|
| 650 |
_aCancer _xDiagnosis _vEquipment and supplies. |
||
| 650 |
_aCancer _xMolecular aspects. |
||
| 650 | _aDiagnostic Imaging. | ||
| 650 |
_aTumors _xDiagnosis. |
||
| 650 | _aMedical radiology. | ||
| 650 |
_aTumor markers _xDiagnostic use. |
||
| 700 |
_aPomper, Martin G., _aeditor. |
||
| 700 |
_aFisher, Paul B., _aeditor. |
||
| 907 |
_a.b10415956 _b09-03-22 _c09-03-22 |
||
| 003 | |||
| 005 | 20230120204348.0 | ||
| 942 |
_cBOOKS _kRC270.3.D53 _mEME |
||
| 999 |
_c121870 _d121870 |
||